| 000 | 00814nam a2200229 a 4500 | ||
|---|---|---|---|
| 001 | 17130 | ||
| 003 | CO-ViMGA | ||
| 008 | 141112s2004 ck r 000 u spa d | ||
| 020 | _a8420009229 | ||
| 040 |
_aCO-ViMGA _bspa _cCO-ViMGA |
||
| 082 | 0 | 4 | _a664.024 L33f |
| 100 | 1 |
_aByong H., Lee _924319 |
|
| 245 | 1 | 0 | _aFundamentos de Biotecnología de los alimentos |
| 260 |
_aZaragoza (España), _cAcribia, _c2000 |
||
| 300 | _a492.p. | ||
| 505 | _aFundamentos de Bioquímica , Microbiología e Ingenieria Aplicaciones de la biotecnología a los productos alimentarios Biotecnología vegetal , Biotecnología Animal | ||
| 590 | _aForma de adquisición : Premio - Mincultura | ||
| 650 | 1 | 4 |
_aALIMENTOS - BIOTECNOLOGIA _924320 |
| 650 | 1 | 4 | _aBIOTECNOLOGIA |
| 650 | 1 | 4 |
_aBIOTECNOLOGIA - AGRICOLA _924321 |
| 942 |
_2ddc _cBK |
||
| 999 |
_c26734 _d26734 |
||